Materials science and engineering : An introduction

Na minha lista:
Detalhes bibliográficos
Autor principal: Callister, William D.
Formato: Livro
Idioma:Undetermined
Publicado em: New York John Wiley & Sons, Inc 2003
Assuntos:
Tags: Adicionar Tag
Sem tags, seja o primeiro a adicionar uma tag!
Thư viện lưu trữ: Trung tâm Học liệu Trường Đại học Cần Thơ
LEADER 00618nam a2200205Ia 4500
001 CTU_65560
008 210402s9999 xx 000 0 und d
082 |a 620.11 
082 |b C153 
100 |a Callister, William D. 
245 0 |a Materials science and engineering : 
245 3 |b An introduction 
245 0 |c William D. Callister 
260 |a New York 
260 |b John Wiley & Sons, Inc 
260 |c 2003 
526 |a Khoa học và Kỹ thuật vật liệu đại cương 
526 |b SP483 
650 |a Vật liệu,Materials 
980 |a Trung tâm Học liệu Trường Đại học Cần Thơ